000 00214nam a2200109Ia 4500
100 _aMCBEATH JORDON.
942 _cBK
245 _aPRODUCTIVITY THROUGH PEOPLE
260 _b#N/A
546 _aENGLISH
999 _c33348
_d33348